Ilse Honymusová. J. Seifert. Dobrodružstvá plyšového macka bábková hra v štyroch dejstvách : celoštátna premiéra 29. decembra 1959 : [Bábkové divadlo] Košice

Bibliographic Details
Corporate Author: Bábkové divadlo v Košiciach (Author)
Format: Book
Language:Slovak
PhysicalDescription:1 zložený list (2 strany) farebné ilustrácie 23 x 19 cm zložené na 23 x 10 cm
Published: Košice Bábkové divadlo 1959
Subjects:

MARC

LEADER 00000cam a2200000 a 4500
001 vtls011857885
003 SK-MaSNL
005 20260301101046.0
008 251001s1959 xo gr 000|0 slo
035 |a BU3873000000104811 
035 |a urn:nbn:sk:snk-am3he8u 
035 |a 4E4967A4-D710-485A-9CBC-850E4E3612EE 
035 |a urn:nbn:sk:snk-am00crwf 
040 |a SNK  |b slo  |c SNK  |e AACR2 
041 0 |a slo 
044 |a xo  |c SK 
072 7 |a 792  |x Divadlo. Divadelné predstavenia  |2 konspekt 
080 |a (083.97)  |2 2011 
080 |a 792.97  |2 2011 
110 2 |a Bábkové divadlo v Košiciach  |4 aut  |9 29577 
245 1 0 |a Ilse Honymusová. J. Seifert. Dobrodružstvá plyšového macka  |b bábková hra v štyroch dejstvách : celoštátna premiéra 29. decembra 1959 : [Bábkové divadlo] Košice 
246 3 0 |a Dobrodružstvá plyšového macka 
260 |a Košice  |b Bábkové divadlo  |c 1959 
300 |a 1 zložený list (2 strany)  |b farebné ilustrácie  |c 23 x 19 cm zložené na 23 x 10 cm 
600 1 7 |a Honymus, Ilse,  |d 1903-1989  |t Dobrodružstvá plyšového macka  |2 SNK  |9 434766 
600 1 7 |a Seifert, J.  |t Dobrodružstvá plyšového macka  |2 SNK  |9 434767 
610 2 7 |a Bábkové divadlo v Košiciach  |2 SNKKA  |9 29577 
648 7 |a 29.12.1959  |2 SNKPH  |9 434768 
648 7 |a 1959-1960  |2 SNKPH  |9 434769 
650 0 7 |a bábkové hry  |2 SNKPH  |9 85271 
650 0 7 |a divadelné premiéry  |2 SNKPH  |9 29572 
651 7 |a Košice (Slovensko)  |2 SNKPHgeo  |9 18694 
655 7 |a bulletiny  |2 SNKPH  |9 70453 
655 7 |a divadelné programy  |2 SNKPH  |9 70302 
852 |a Slovenská národná knižnica 
958 |a EUIPO 
958 |a OND 
999 |c 688122  |d 690052 
952 |a SNK  |b SNK  |y NEVYP  |7 0  |p 3873B0000016  |o BU 3648 PP  |0 0  |1 0  |4 0  |d 2019-03-26  |f 1  |l 0  |r 2019-03-26 00:00:00  |w 2026-02-23